000 00587nam a2200241Ia 4500
003 OSt
005 20221005122411.0
006 a|||||r|||| 00| 0
007 ta
008 221004b |||||||| |||| 00| 0 kan d
024 _a59050
037 _cTextual
040 _aCRL
_cCRL
_bkan
041 _2kan
_akan
082 _aG, 33K6
100 _aK. Bhuvaneswari Au.
_9631914
245 0 _aJeevigala vikasa
260 _c1966
650 _a KANNAD LITERATURE
650 _aBIOLOGY
942 _hG, 33K6
_cTEXL
_2cc
999 _c1044167
_d1044167